Normal view
MARC view
- D., ROBERT
Entry Personal Name
001 - CONTROL NUMBER
- control field: 87214
003 - CONTROL NUMBER IDENTIFIER
- control field: NUST
005 - DATE AND TIME OF LATEST TRANSACTION
- control field: 20211231112512.0
008 - FIXED-LENGTH DATA ELEMENTS
- fixed length control field: 211231|| aca||aabn | a|a d
040 ## - CATALOGING SOURCE
- Original cataloging agency: NUST
- Transcribing agency: NUST
100 ## - HEADING--PERSONAL NAME
- Personal name: D., ROBERT
670 ## - SOURCE DATA FOUND
- Source citation: Work cat.: (NUST): D., ROBERT., ENTREPRENEURSHIP /, 2020.
